Catálogo
 En Linea

Memorias 2010 /. (Registro nro. 47323)

Detalles MARC
000 -CABECERA
campo de control de longitud fija 00485nam a2200157 a 4500
001 - NÚMERO DE CONTROL
campo de control 000047835
005 - FECHA Y HORA DE LA ÚLTIMA TRANSACCIÓN
campo de control 20201002060751.0
008 - DATOS DE LONGITUD FIJA--INFORMACIÓN GENERAL
campo de control de longitud fija 180828s2011 dr 000 0 spa d
040 ## - FUENTE DE LA CATALOGACIÓN
Centro catalogador/agencia de origen DO-SdBNP
Lengua de catalogación spa
Centro/agencia transcriptor BNPHU
082 ## - NÚMERO DE LA CLASIFICACIÓN DECIMAL DEWEY
Número de clasificación xx
Número de documento/Ítem xx
110 2# - ENTRADA PRINCIPAL--NOMBRE DE ENTIDAD CORPORATIVA
Nombre de entidad corporativa o nombre de jurisdicción como elemento de entrada Fundación Dominicana de Desarrollo
9 (RLIN) 54592
245 10 - MENCIÓN DE TÍTULO
Título Memorias 2010 /.
260 ## - PUBLICACIÓN, DISTRIBUCIÓN, ETC.
Lugar de publicación, distribución, etc. Santo Domingo :
Nombre del editor, distribuidor, etc. Fundación Dominicana de Desarrollo,
Fecha de publicación, distribución, etc. 2011.
300 ## - DESCRIPCIÓN FÍSICA
Extensión 91 p. :
Otras características físicas il., gráfs., retrs. ;
Dimensiones 31 cm.+ CD.
590 ## - NOTA LOCAL (RLIN)
Nota local Inventario, 2018/VM
Existencias
Estado de retiro Estado de pérdida No para préstamo Código de colección Localización permanente Ubicación/localización actual Ubicación en estantería Fecha de adquisición Número de inventario Total de préstamos Signatura topográfica completa Código de barras Fecha visto por última vez Precio válido a partir de Tipo de ítem Koha
    Excluido de préstamo Patrimonio Dominicano Patrimonio Dominicano Patrimonio Dominicano Depósito 28.08.2018 LF1   xx xx 47835-10 25.06.2020 25.06.2020 Libro y Folleto Colección Patrimonio Dominicano

Con tecnología Koha